00364nam a22001457a 4500003000400000008004100004020001800045082001400063100003500077245002500112250001300137260004400150300001100194650001300205OSt240401b |||||||| |||| 00| 0 eng d a9789325982406 a658.8 KUM aKUMAR, Arun and MEENAKSHMI, N. aMarketing Management a3rd. ed. aNoidabVikas Publishing House Pvt. Ltd. a668 p. aCommerce